000 00620nam a2200241Ia 4500
003 OSt
005 20221005133528.0
006 a|||||r|||| 00| 0
007 ta
008 221004b |||||||| |||| 00| 0 fre d
024 _a53407
037 _cTextual
040 _aCRL
_cCRL
_bfre
041 _2fre
_afre
082 _aO122,3M50,25, 32K2
100 _aMavpassant Au.
_9642564
245 0 _aYvette
260 _c1962
650 _a FRENCH LITERATURE
_913614
650 _aFRENCH FICTION
_9155413
942 _hO122,3M50,25, 32K2
_cTEXL
_2cc
999 _c1067102
_d1067102